000 02499cam a2200349 i 4500
001 23172551
005 20250327142838.0
008 230605s2024 enk b 001 0 eng
010 _a 2023014564
020 _a9780367272074
020 _a9780367272050
020 _z9780429295485
041 _aeng
042 _apcc
082 0 0 _a330.0151 CAS
100 1 _aCastellanos, Kenneth,
245 1 0 _aComputable General Equilibrium Modeling :
_bTheory and Applications
250 _aFirst edition.
264 1 _aLondon ;
_aNew York :
_bRoutledge Taylor & Francis Group,
_c2024.
300 _a136 pages ;
_c24 cm
336 _atext
_btxt
_2rdacontent
337 _aunmediated
_bn
_2rdamedia
338 _avolume
_bnc
_2rdacarrier
504 _aIncludes bibliographical references and index.
520 _a"Many books have been written on computable general equilibrium (CGE) modeling. However, there are certain important areas for economic policy that have been largely overlooked. This intermediate/advanced text presents the topic as a methodology for the analysis of macro and fiscal policies in modern economies, while introducing levels of disaggregation that are beyond the scope of standard macro models. The book begins by presenting the historical and intuitive background of general equilibrium analysis. Moving on, computer software is introduced to derive numerical solutions for economic models. The authors provide examples of code, bringing in data sources that have become the foundations of CGE applications. The methodology presented here, which differs from other CGE books, includes financial assets, government budget deficits, and debt financing of private investment. These topics are analysed in the context of dynamic optimization, generating endogenous variables such as inflation, interest, and growth rates. The book also devotes significant attention to the applications of CGE models to developing economies. This textbook comes with a range of downloadable supplements and will be a valuable resource for students taking a CGE course as part of a programme in advanced microeconomics, macroeconomics, development economics, or international trade economics"--
650 0 _aComputable General Equilibrium Models
700 1 _aFeltenstein, Andrew,
700 1 _aSedrakyan, Gohar,
906 _a7
_bcbc
_corignew
_d1
_eecip
_f20
_gy-gencatlg
942 _cBK
999 _c43442
_d43442